| 000 | 01225nam a22002297a 4500 | ||
|---|---|---|---|
| 999 |
_c3178 _d3178 |
||
| 003 | AR-CdUCM | ||
| 008 | 190306b ||||| |||| 00| 0 spa d | ||
| 040 |
_aMUNICIPALIDAD PROVINCIAL DEL CUSCO _cBIBLIOTECA MUNICIPAL DEL CUSCO |
||
| 082 |
_a348.4 / _bC 1 |
||
| 110 |
_aInstituto Latinoamericano de Naciones Unidas (I.L.A.N.U.D.) _910689 |
||
| 245 |
_aProblemas de la justicia agraria en el Perú : _bFuero Agrario del Perú / |
||
| 260 |
_aLima : _bCultural Cuzco Editores, _c1990. |
||
| 300 |
_a223 páginas ; _c21 cm. |
||
| 500 | _aAntes del contenido, Congreso internacional de justicia agraria latinoamericana y veinte años de justicia agraria en el Perú. | ||
| 505 | _aContenido: Importancia del fuero Agrario Peruano dentro del sistema procesal agrario Latinoamericano -- El derecho agrario y el derecho procesal agrario -- El origen del fuero agrario dentro del contexto de la Constitución Política de 1993 -- La segunda etapa histórica de la justicia agraria Peruana (1979-1989) ... | ||
| 650 |
_aPerú _935 |
||
| 650 |
_aDerecho procesal agrario _910690 |
||
| 650 |
_aCongresos _92448 |
||
| 710 |
_aInstituto Latinoamericano de Naciones Unidas (I.L.A.N.U.D.) _910689 |
||
| 942 |
_2ddc _cLIBROS |
||
| 945 | _aachl | ||